000
002590000a22000970004500
100
1
_a
Foulkes B., Ricardo
245
1
0
_a
¿Qué significa perder la patria?
300
_a
Vol. 11, Num. 1 (Junio, 1991), Páginas 26-30
773
0
_t
Vida y pensamiento
942
_c
ANA
999
_c
53007
_d
53007